000 00865nam a22002777a 4500
001 7282
003 FISKH
005 20250828151839.0
008 250708b cb ||||| |||| 00| 0 eng d
040 _aFISKH
_beng
_cFISKH
_dFISKH
050 _aQL78.F59
082 _a597.07
100 _aFoley, Cate
245 _aLet's go to the Aquarium /
_cby Cate Foley
250 _aFirst Scholastic printing, September 2002
260 _aNew York :
_bScholastic,
_c2001
300 _a24 pages :
_bcolor illustrations ;
_c16 cm
490 _aWelcome Books:
_vWeekend Fun
505 _aE
520 _aSimple text and photos introduce some of the animals one can see at a marine aquarium.
521 8 _a270
_bLexile
521 8 _aE
_bRaz-Plus
650 _aAmerica the Beautiful
_vAquarium
_xScience
_ySea Creatures
942 _2ddc
_cBK
_n0
999 _c7282
_d7282